LEADER 00951nam0 22002531i 450 001 UON00219372 005 20231205103408.9 100 $a20030730d1962 |0itac50 ba 101 $aita 102 $aIT 105 $a|||| ||||| 200 1 $aProsa$fPablo Neruda$ga cura di Giuseppe Bellini 210 $aMilano$cLa Goliardica, stampa$d1962. 95 p. ; 24 cm 620 $aIT$dMilano$3UONL000005 676 $aCi861$cLetteratura cilena. Poesia$v21 700 1$aNERUDA$bPablo$3UONV119327$0131974 702 1$aBellini$bGiuseppe$3UONV053675 712 $aIstituto Editoriale Cisalpino, La Goliardica$3UONV260610$4650 801 $aIT$bSOL$c20250801$gRICA 899 $aSIBA - SISTEMA BIBLIOTECARIO DI ATENEO$2UONSI 912 $aUON00219372 950 $aSIBA - SISTEMA BIBLIOTECARIO DI ATENEO$dSI Ci 860 a 0038 $eSI SP 2183 5 0038 $sBuono 996 $aProsa$91265768 997 $aUNIOR LEADER 01387nam 2200265la 450 001 9910481541903321 005 20230503102510.0 035 $a(UK-CbPIL)2090358469 035 $a(CKB)5500000000105087 035 $a(EXLCZ)995500000000105087 100 $a20230503d1540 uy | 101 0 $aita 135 $aurcn||||a|bb| 200 13$aIl prencipe di Nicolo Machiauelli, al magnifico Lorenzo di Pietro de Medici. La vita di Castruccio Castracani da Lucca. Il modo che tenne il duca Valentino per ammazzare Vitellozzo Vitelli, Oliuerotto da Fermo, il s. Paulo, & il duca di Grauina. I ritratti delle cose della Francia, & dell' Alamagna 210 $aVenice $cAldo Manuzio, 1449 or 50-1515$d1540 215 $aOnline resource ([3], 84, [1] c., 8°) 300 $aReproduction of original in Biblioteca Nazionale Centrale di Firenze. 700 $aMachiavelli$b Niccolo?$f1469-1527.$0330797 701 $aManuzio$b Aldo$f1449 or 1450-1515.$0743643 801 0$bUk-CbPIL 801 1$bUk-CbPIL 906 $aBOOK 912 $a9910481541903321 996 $aIl prencipe di Nicolo Machiauelli, al magnifico Lorenzo di Pietro de Medici. La vita di Castruccio Castracani da Lucca. Il modo che tenne il duca Valentino per ammazzare Vitellozzo Vitelli, Oliuerotto da Fermo, il s. Paulo, & il duca di Grauina. I ritratti delle cose della Francia, & dell' Alamagna$92213085 997 $aUNINA